000
00336pab a2200145 454500
008
180718b2003 xxu||||| |||| 00| 0 eng d
100
_a
nath, ajit kumar
245
_a
the quick brown fox jumps over
260
_c
2003
300
_a
p.3-89
362
_a
20
650
_a
urban
773
_a
Government and Opposition
909
_a
53500
999
_c
53500
_d
53500